000
00323nam a2200133Ia 4500
005
20251222144722.0
008
251222s9999||||xx |||||||||||||| ||spa||
020
_a
84-220-0898-X
082
_a
262.91/J81I
100
_a
Wojtyla, Karol
245
0
_a
Mensaje a la Iglesia de Latinoamérica
264
_b
EDICA
942
_c
LIB
999
_c
18236
_d
18236